Obálka Náhled e-knihy:
Epub
Pro půjčování e-knih musíte být přihlášeni.
Jak si půjčit online?

Savage Trilogy. 1, Divoký princ /

První kniha z další série erotických románů americké autorky, hrdinkou je zde Temerance Ransomová.

Uloženo v:
Série:Savage Trilogy, část 1
Hlavní autor: March, Meghan (Autor)
Další autoři: Brožová, Eva (Autor)
Médium: E-kniha
Jazyk:Czech
Vydáno: Praha : Baronet, 2022
Vydání:Vydání první
Témata:
Příbuzné jednotky:Z cyklu:: Savage Trilogy
Tagy:
Žádné tagy
LEADER 02068cam a2200457 i 4500
001 311513
003 CZ PrSKC
005 20260601215707.0
007 ta
008 220315s2022 xr e 000 f cze d
015 |a cnb003402229 
020 |a 9788026917861  |q (vázáno) 
035 |a (OCoLC)1329408899 
040 |a TUG001  |b cze  |d ABG001  |e rda 
041 1 |a cze  |h eng 
072 7 |a 821.111(73)-3  |x Americká próza  |2 Konspekt 
080 |a 821.111(73)-31  |2 MRF 
080 |a (0:82-993)  |2 MRF 
100 1 |a March, Meghan  |7 xx0256271  |4 aut 
240 1 0 |a Savage prince.  |l Česky 
245 1 0 |a Savage Trilogy.  |n 1,  |p Divoký princ /  |c Meghan March ; přeložila: Eva Brožová 
246 3 0 |a Divoký princ 
250 |a Vydání první 
264 1 |a Praha :  |b Baronet,  |c 2022 
300 |a 238 stran ;  |c 20 cm 
336 |a text  |b txt  |2 rdacontent 
337 |a bez média  |b n  |2 rdamedia 
338 |a svazek  |b nc  |2 rdacarrier 
500 |a Přeloženo z angličtiny 
520 2 |a První kniha z další série erotických románů americké autorky, hrdinkou je zde Temerance Ransomová.  |b Úspěšná autorka Meghan March představuje krutého prince města, muže, kterého byste nikdy nechtěli potkat. Divoký princ je prvním dílem série, která se odehrává ve stejném prostředí jako Nemilosrdný král. Nakladatelská anotace. Kráceno. 
655 7 |a americké romány  |7 fd131796  |2 czenas 
655 7 |a erotické romány  |7 fd132211  |2 czenas 
655 9 |a American fiction  |2 eczenas 
655 9 |a erotic novels  |2 eczenas 
700 1 |a Brožová, Eva  |7 jn20010309864  |4 trl 
787 0 8 |i Z cyklu:  |t Savage Trilogy  |g 1 
900 |a ABA001  |b 21 
044 |a xr 
910 |a RBIT002 
998 |d 347445  |a https://core.palmknihy.cz/api/books/347445/cover?spg19a  |b https://core.palmknihy.cz/api/books/347445/cover/400?spg19a  |c https://core.palmknihy.cz/api/books/347445/cover/50?spg19a  |e 2027-07-07  |g 240  |i 9788026917861  |j https://core.palmknihy.cz/api/books/347445/preview.epub  |l   |q 49  |r 1  |s https://www.palmknihy.cz/kniha/347445  |t ebook  |y 2022  |z 0  |v Savage Trilogy  |w 1 
999 |d 311511